000 00257nam a2200109Ia 4500
008 231212s1978 xx 000 0 und d
041 _aeng
082 _a621.384
100 _aRhodes D.R.
245 _aSynthesis of Planar
260 _aNew York
_bGeorge
_c1978
999 _c958373
_d958373